Les Meilleurs buteurs de l'Euro 2012 - Statistiques

Statistiques générales
  • Ce quiz a été pris 45 fois
  • Le résultat moyen est 7 sur 16
Statistiques - réponses
Buts Équipe Joueur % Correct
3 Portugal Cristiano Ronaldo
98%
3 Espagne Fernando Torres
98%
3 Allemagne Mario Gómez
79%
3 Italie Mario Balotelli
76%
2 Suède Zlatan Ibrahimović
76%
2 Espagne David Silva
71%
3 Croatie Mario Mandžukić
71%
2 Espagne Cesc Fàbregas
43%
2 Espagne Xabi Alonso
40%
2 Danemark Nicklas Bendtner
14%
3 Russie Alan Dzagoev
7%
2 République tchèque Petr Jiráček
5%
2 République tchèque Václav Pilař
5%
2 Danemark Michael Krohn-Dehli
2%
2 Ukraine Andrij Ševčenko
0%
2 Grèce Dīmītrios Salpiggidīs
0%
Aucun quiz correspondant
Distribution des résultats
% des personnes avec chaque résultat
Percentile par nombre de réponses
Votre historique - résultats
Vous n’avez pas pris ce quiz